00848nam a2200301Ia 4500003000400000005001700004006001900021007000300040008004100043020001500084024001000099037001300109040001800122041000800140082001700148100001500165245006100180260005300241300001900294490004200313500004400355650001400399650003800413650004400451650001400495650001600509700002100525OSt20220912144923.0a|||||r|||| 00| 0 ta220909b |||||||| |||| 00| 0 eng d a079235771x a86087 cTextbook aCSLbengcCSL aeng aB33, N9 TB aHu Pei-Chu 0aDifferentiable and complex dynamics of several variables aDordrechtbKluwer Academic Publishers c1999 aix, 338p.ccm. aMathematics and its applications, 483 aBibliography 319-334p.; Index 335-338p. a Calculus a Differentiable dynamical systems a Functions of several complex variables a Topology aMathematics a Yang Chung-Chun